台湾鉄道乗車人員ランキングTOP20 - Statistics

General Stats
  • This quiz has been taken 76 times
  • The average score is 10 of 20
Answer Stats
順位 駅名 平均乗車人員(人/日) % Correct
1 臺北 57307
98%
5 臺南 23023
90%
4 臺中 23719
88%
10 高雄 13013
86%
2 桃園 26230
81%
6 板橋 22966
66%
8 松山 16147
66%
7 新竹 18849
51%
11 南港 12906
49%
16 花蓮 9860
46%
18 嘉義 9277
42%
13 新左營 11240
41%
12 彰化 12492
32%
3 中壢 23741
27%
15 汐止 9953
27%
9 樹林 13491
25%
14 汐科 10688
20%
17 屏東 9657
19%
19 內壢 9245
14%
20 鶯歌 8590
14%
No matching quizzes found
Score Distribution
Percent of People with Each Score
Percentile by Number Answered
Your Score History
You have not taken this quiz